000 00449nam a2200181Ia 4500
003 GCL
008 140319s9999 xx 000 0 eng d
040 _aGCL /
_cGCL
082 0 4 _a843
_bJ J
100 1 _aJACO, CHRISTIAN
245 1 0 _aLA JUSTICE DU VIZIR /
_cJACO, CHRISTIAN
260 _a[S.N] :
_bLIBRAIRIE PLON ،
_c1994
300 _a379 P P
650 0 4 _aLITERATURE
650 0 4 _aFICTION
650 0 4 _aFRENCH LITERATURE
942 _2ddc
_cBK
999 _c12202
_d12202